书目信息 |
| 题名: |
新编内科急症手册
|
|
| 作者: | 廖二元 , 赵水平 编著 | |
| 分册: | ||
| 出版信息: | 长沙 湖南科学技术出版社 1990.4 |
|
| 页数: | 538页 | |
| 开本: | 19厘米 | |
| 丛书名: | ||
| 单 册: | ||
| 中图分类: | R505.1 | |
| 科图分类: | 63.83 | |
| 主题词: | 急性病-内科学--手册 , 内科学-急性病--手册 | |
| 电子资源: | ||
| ISBN: | 7-5357-0655-X | |
| 000 | 00943nam 2200265 45 | |
| 001 | 0190001397 | |
| 005 | 20070714110859.95 | |
| 010 | @a7-5357-0655-X@b精装@dCNY8.50 | |
| 100 | @a19900919d1990 km y0chiy0120 ea | |
| 101 | 0 | @achi |
| 102 | @aCN@b430000 | |
| 105 | @ay z 001yy | |
| 200 | 10 | @a新编内科急症手册@AXIN BIAN NEI KE JI ZHENG SHOU CE@f廖二元,赵水平编著@FLIAO ER YUAN , ZHAO SHUI PING BIAN ZHU |
| 210 | @a长沙@c湖南科学技术出版社@d1990.4@h1991 | |
| 215 | @a538页@d19厘米 | |
| 330 | @a本书包括急症急论、急症症状、重要器官衰竭与危象综合症、急症医技检测结果和急性中毒、意外的鉴别诊断与处理要点等。 | |
| 540 | 1 | @a新编 内科 急症 手册@AXIN BIAN NEI KE JI ZHENG SHOU CE |
| 606 | @a急性病-内科学@x手册 | |
| 606 | @a内科学-急性病@x手册 | |
| 690 | @aR505.1 | |
| 692 | @a63.83 | |
| 701 | 0 | @a廖二元@ALIAO ER YUAN@4编著 |
| 701 | 0 | @a赵水平@AZHAO SHUI PING@4编著 |
| 801 | 0 | @aCN@bTSSF@c20070714 |
| 905 | @a10447@dR505.1@e102 | |
| 新编内科急症手册/廖二元,赵水平编著.-长沙:湖南科学技术出版社,1990.4(1991) |
| 538页;19厘米 |
| ISBN 7-5357-0655-X(精装):CNY8.50 |
| 本书包括急症急论、急症症状、重要器官衰竭与危象综合症、急症医技检测结果和急性中毒、意外的鉴别诊断与处理要点等。 |
| ● |
| 相关链接 |
|
|
|
|
正题名:新编内科急症手册
索取号:R505.1/102
 
预约/预借
| 序号 | 登录号 | 条形码 | 馆藏地/架位号 | 状态 | 备注 |
| 1 | 0768744 | 207687449 | 第二样本阅览室/ [索取号:R505.1/102] | 在馆 |